[Event "Olympiad-40"]
[Site "Istanbul"]
[Date "2012.09.09"]
[Round "11.1"]
[White "Gohil, Mehul"]
[Black "Hamal, Manish"]
[Result "1-0"]
[WhiteElo "2072"]
[BlackElo "2118"]
[PlyCount "131"]
[EventDate "2012.08.28"]
[EventType "team-swiss"]
[EventRounds "11"]
[EventCountry "TUR"]
[SourceTitle "CBM 151"]
[Source "ChessBase"]
[SourceDate "2012.11.13"]
[SourceVersion "1"]
[SourceVersionDate "2012.11.13"]
[SourceQuality "1"]
[WhiteTeam "Kenya"]
[BlackTeam "Nepal"]
[WhiteTeamCountry "KEN"]
[BlackTeamCountry "NEP"]

1. d4 Nf6 2. c4 e6 3. Nc3 Bb4 4. Qc2 c5 5. Nf3 Nc6 6. dxc5 Bxc5 7. a3 a5 8. e3 0-0 9. Be2 b6 10. 0-0 Ba6 11. Rd1 Rc8 12. b3 Qc7 13. Bb2 Be7 14. Rac1 Qb8 15. h3 Rfd8 16. Qb1 Bf8 17. Bf1 Ne7 18. Na4 d5 19. Bd4 Nd7 20. cxd5 Rxc1 21. Rxc1 Bxf1 22. dxe6 fxe6 23. Kxf1 Ng6 24. Qe4 Re8 25. Qc6 Qd6 26. Nxb6 Qxc6 27. Rxc6 Nb8 28. Rc8 Rxc8 29. Nxc8 Bxa3 30. Bc3 Nc6 31. Nd4 Nxd4 32. Bxd4 Bb4 33. Ke2 Kf7 34. Kd3 e5 35. Bc3 Bxc3 36. Kxc3 Ke6 37. Nb6 Nh4 38. Nc4 Nxg2 39. Nxa5 Kd5 40. Nc4 Ne1 41. Nd2 h5 42. b4 e4 43. b5 Nd3 44. b6 Nc5 45. Kb4 Kc6 46. Kc4 h4 47. b7 Nxb7 48. Nxe4 Nd8 49. Ng5 Kd6 50. f4 Nc6 51. Nf3 Ke7 52. Nxh4 Kf6 53. Nf3 Ne7 54. Kd3 Nd5 55. Kd4 Ne7 56. e4 Nc6+ 57. Ke3 Nb4 58. e5+ Ke6 59. Ke4 g6 60. Nd4+ Kf7 61. h4 Ke7 62. Kf3 Nd5 63. Kg4 Ne3+ 64. Kg5 Ng2 65. Nc2 Kf7 66. Kg4 1-0

[Event "Olympiad-40"]
[Site "Istanbul"]
[Date "2012.09.05"]
[Round "8.1"]
[White "Pace, Colin"]
[Black "Hamal, Manish"]
[Result "1/2-1/2"]
[WhiteElo "2136"]
[BlackElo "2118"]
[PlyCount "172"]
[EventDate "2012.08.28"]
[EventType "team-swiss"]
[EventRounds "11"]
[EventCountry "TUR"]
[SourceTitle "CBM 151"]
[Source "ChessBase"]
[SourceDate "2012.11.13"]
[SourceVersion "1"]
[SourceVersionDate "2012.11.13"]
[SourceQuality "1"]
[WhiteTeam "Malta"]
[BlackTeam "Nepal"]
[WhiteTeamCountry "MLT"]
[BlackTeamCountry "NEP"]

1. e4 Nf6 2. e5 Nd5 3. d4 d6 4. Nf3 g6 5. Bc4 Nb6 6. Bb3 Bg7 7. 0-0 0-0 8. h3 Nc6 9. Qe1 dxe5 10. dxe5 Nd4 11. Nxd4 Qxd4 12. e6 Bxe6 13. Bxe6 fxe6 14. Qxe6+ Rf7 15. c3 Qc4 16. Qxc4 Nxc4 17. Nd2 Ne5 18. Ne4 Nd3 19. Rd1 Nxc1 20. Raxc1 Bh6 21. Rc2 b6 22. c4 Rf4 23. f3 c5 24. Re2 Rf7 25. Rd7 e6 26. Rd6 Re7 27. Nf2 Kf7 28. Nd3 Rae8 29. Ne5+ Kg8 30. Nc6 Rc7 31. Rdxe6 Rxe6 32. Rxe6 Kf7 33. Nd8+ Kf8 34. Re2 Rd7 35. Nc6 Bf4 36. Kf2 a6 37. Ne5 Bxe5 38. Rxe5 Rd2+ 39. Re2 Rd4 40. b3 Kf7 41. Ke3 Rd6 42. f4 Re6+ 43. Kf3 Rd6 44. g4 Rd3+ 45. Re3 Rd2 46. a4 a5 47. Ke4 Rd4+ 48. Kf3 Rd2 49. h4 Rh2 50. Kg3 Rd2 51. g5 Rd1 52. Kg2 Rd2+ 53. Kh3 Rd1 54. Rg3 Rd2 55. Kg4 Rd4 56. Rf3 Ke6 57. Re3+ Kf7 58. h5 Rd1 59. Rh3 Kg7 60. Rg3 Kf7 61. h6 Rd2 62. Re3 Rd1 63. Kf3 Rd4 64. Kg4 Rd1 65. f5 Rd4+ 66. Kg3 gxf5 67. Kf3 Rh4 68. Kf2 Rf4+ 69. Rf3 Rg4 70. Rxf5+ Kg6 71. Rf6+ Kxg5 72. Rxb6 Rh4 73. Rc6 Rxh6 74. Rxc5+ Kf4 75. Rxa5 Rh2+ 76. Kg1 Rb2 77. Rh5 Rxb3 78. Rxh7 Ra3 79. c5 Ke5 80. Rh5+ Ke6 81. Kf2 Kd7 82. Ke2 Kc6 83. Kd2 Rxa4 84. Kc3 Rg4 85. Kb3 Rf4 86. Kc3 Rg4 1/2-1/2

[Event "Olympiad-40"]
[Site "Istanbul"]
[Date "2012.09.01"]
[Round "5.1"]
[White "Hamal, Manish"]
[Black "Asefi, Zaheeruddeen"]
[Result "1-0"]
[WhiteElo "2118"]
[BlackElo "2072"]
[PlyCount "65"]
[EventDate "2012.08.28"]
[EventType "team-swiss"]
[EventRounds "11"]
[EventCountry "TUR"]
[SourceTitle "CBM 151"]
[Source "ChessBase"]
[SourceDate "2012.11.13"]
[SourceVersion "1"]
[SourceVersionDate "2012.11.13"]
[SourceQuality "1"]
[WhiteTeam "Nepal"]
[BlackTeam "Afghanistan"]
[WhiteTeamCountry "NEP"]
[BlackTeamCountry "AFG"]

1. e4 d6 2. d4 Nd7 3. Nc3 g6 4. Be3 Bg7 5. Qd2 c6 6. f3 a5 7. a4 e5 8. d5 Qc7 9. 0-0-0 Bf8 10. h4 h5 11. Nh3 f6 12. Nf2 Nh6 13. g4 hxg4 14. fxg4 Nf7 15. Be2 Bg7 16. h5 g5 17. dxc6 bxc6 18. Bc4 Bf8 19. Bxf7+ Kxf7 20. Rhf1 Ba6 21. Nd3 Ke8 22. Qf2 Bh6 23. Qf5 Bc4 24. Rd2 Ke7 25. Nxe5 Bxf1 26. Ng6+ Kf7 27. Nxh8+ Rxh8 28. Qxf1 Ne5 29. Bd4 Qc8 30. Bxe5 dxe5 31. Rd6 Bg7 32. Qc4+ Ke7 33. Rxc6 1-0

[Event "United Insurance 11th"]
[Site "Dhaka"]
[Date "2009.08.23"]
[Round "4"]
[White "Hamal, Manish"]
[Black "Rahman, Md Taibur"]
[Result "1/2-1/2"]
[WhiteElo "2086"]
[BlackElo "2316"]
[PlyCount "149"]
[EventDate "2009.08.21"]
[EventType "swiss"]
[EventRounds "10"]
[EventCountry "BAN"]
[SourceTitle "CBM 131 Extra"]
[Source "ChessBase"]
[SourceDate "2009.09.03"]
[SourceVersion "2"]
[SourceVersionDate "2009.09.16"]
[SourceQuality "1"]

1. e4 c5 2. Nf3 Nc6 3. d4 cxd4 4. Nxd4 e5 5. Nb5 d6 6. c4 Be7 7. Bd3 Nf6 8. 0-0 Bg4 9. f3 Be6 10. Be3 0-0 11. N1c3 a6 12. Na3 Nh5 13. Nd5 Bg5 14. Bb6 Qd7 15. Nc2 Rac8 16. Bf2 Bxd5 17. exd5 Ne7 18. Re1 Nf4 19. Ne3 g6 20. Qb3 b5 21. cxb5 Nxd3 22. Qxd3 Qxb5 23. Qxb5 axb5 24. Red1 Bxe3 25. Bxe3 Rc2 26. Rab1 Rfc8 27. Kf1 h5 28. Bg5 Nf5 29. Rdc1 Rxc1+ 30. Rxc1 Rxc1+ 31. Bxc1 Ne7 32. b3 Nxd5 33. a4 bxa4 34. bxa4 Kf8 35. Bd2 Ke7 36. g4 Kd7 37. Ke2 Nb6 38. a5 Nc4 39. Be1 Kc6 40. Kd3 d5 41. gxh5 gxh5 42. f4 f6 43. fxe5 fxe5 44. Bc3 Kc5 45. Be1 Kb5 46. Bc3 Kc5 47. Be1 e4+ 48. Kc2 d4 49. a6 Kb6 50. Bf2 Kxa6 51. Bxd4 Kb5 52. Kc3 Nd6 53. Bg1 Nf5 54. Ba7 Kc6 55. Kc4 Kd6 56. Bb8+ Ke6 57. Bf4 Nh4 58. Kd4 Kf5 59. Bc7 Ng2 60. Bd6 Nf4 61. Bb8 Ne6+ 62. Ke3 Nc5 63. Bc7 Nd7 64. Bd8 Ne5 65. Bc7 Ng4+ 66. Kd4 h4 67. h3 Nf2 68. Bd8 Nxh3 69. Bxh4 Kf4 70. Be1 Kf3 71. Bd2 Nf4 72. Ke5 Nd3+ 73. Kf5 Nc5 74. Bh6 Nb3 75. Ke5 1/2-1/2

[Event "Asia Cities-ch 16th"]
[Site "Beirut"]
[Date "2009.04.20"]
[Round "6.4"]
[White "Ghader Pour, Shayesteh"]
[Black "Hamal, Manish"]
[Result "1-0"]
[WhiteElo "2156"]
[BlackElo "2069"]
[PlyCount "61"]
[EventDate "2009.04.16"]
[EventType "team-swiss"]
[EventRounds "9"]
[EventCountry "LBN"]
[SourceTitle "EXT 2020"]
[Source "ChessBase"]
[SourceDate "2019.10.17"]
[SourceVersion "1"]
[SourceVersionDate "2019.10.17"]
[SourceQuality "1"]
[WhiteTeam "Bandar Imam Khomeini"]
[BlackTeam "Kathmandu"]
[WhiteTeamCountry "IRI"]
[BlackTeamCountry "NEP"]

1. e4 e6 2. d4 d5 3. Nd2 dxe4 4. Nxe4 Nd7 5. Bd3 Ngf6 6. Qe2 Nxe4 7. Bxe4 Nf6 8. Bxb7 Bxb7 9. Qb5+ Nd7 10. Qxb7 c5 11. dxc5 Bxc5 12. Nf3 Rb8 13. Qe4 Qb6 14. 0-0 0-0 15. b3 Nf6 16. Qh4 Rfd8 17. Bb2 Ne8 18. Rad1 f6 19. Nd4 Rd6 20. Ne2 Rbd8 21. Rxd6 Nxd6 22. Ng3 e5 23. Qg4 Kh8 24. Nh5 Ne8 25. Qe2 Qa5 26. Qc4 Qb6 27. Kh1 Bxf2 28. Bxe5 Qe3 29. Qf7 h6 30. Bxf6 gxf6 31. Nxf6 1-0

[Event "Olympiad-38"]
[Site "Dresden"]
[Date "2008.11.25"]
[Round "11"]
[White "Veer, Willem"]
[Black "Hamal, Manish"]
[Result "0-1"]
[WhiteElo "1959"]
[BlackElo "2028"]
[PlyCount "100"]
[EventDate "2008.11.13"]
[EventType "team-swiss"]
[EventRounds "11"]
[EventCountry "GER"]
[SourceTitle "CBM 128"]
[Source "ChessBase"]
[SourceDate "2009.01.28"]
[SourceVersion "1"]
[SourceVersionDate "2009.01.28"]
[SourceQuality "1"]
[WhiteTeam "Surinam"]
[BlackTeam "Nepal"]
[WhiteTeamCountry "SUR"]
[BlackTeamCountry "NEP"]

1. c4 Nf6 2. Nc3 e6 3. Nf3 d5 4. e3 c5 5. d4 Nc6 6. Be2 Be7 7. 0-0 0-0 8. a3 b6 9. cxd5 Nxd5 10. e4 Nxc3 11. bxc3 Bb7 12. d5 exd5 13. exd5 Na5 14. c4 b5 15. cxb5 Bxd5 16. Rb1 Bf6 17. Be3 c4 18. Qa4 Qc7 19. Rfc1 Rfc8 20. g3 h6 21. Nd4 Bxd4 22. Bxd4 Qe7 23. Qxa5 Qxe2 24. Qc3 Qg4 25. Rf1 h5 26. f3 Qg6 27. Rbd1 Be6 28. a4 Rd8 29. Qe3 Rd7 30. Bc3 Rad8 31. Rxd7 Rxd7 32. Qe5 Kh7 33. f4 Qg4 34. a5 f6 35. Qe4+ Bf5 36. Qe1 Rd3 37. b6 axb6 38. axb6 h4 39. Bxf6 hxg3 40. h4 Qh3 41. Qe2 Qh2+ 42. Qxh2 gxh2+ 43. Kxh2 gxf6 44. Rc1 Rd2+ 45. Kg3 Bd3 46. Re1 Rb2 47. Re7+ Kg6 48. b7 c3 49. Rc7 c2 50. Kf3 Rxb7 0-1

[Event "Olympiad-38"]
[Site "Dresden"]
[Date "2008.11.20"]
[Round "7"]
[White "Miller, Bobby"]
[Black "Hamal, Manish"]
[Result "0-1"]
[WhiteElo "1741"]
[BlackElo "2028"]
[PlyCount "26"]
[EventDate "2008.11.13"]
[EventType "team-swiss"]
[EventRounds "11"]
[EventCountry "GER"]
[SourceTitle "CBM 128"]
[Source "ChessBase"]
[SourceDate "2009.01.28"]
[SourceVersion "1"]
[SourceVersionDate "2009.01.28"]
[SourceQuality "1"]
[WhiteTeam "Bermuda"]
[BlackTeam "Nepal"]
[WhiteTeamCountry "BER"]
[BlackTeamCountry "NEP"]

1. e4 e5 2. d4 exd4 3. Qxd4 Nc6 4. Qe3 g6 5. Bd3 Bg7 6. Ne2 Nge7 7. Nbc3 0-0 8. 0-0 d5 9. exd5 Nxd5 10. Bd2 Nxe3 11. Bxe3 Nd4 12. Ng3 Nf5 13. Bxf5 Bxf5 0-1